ბათუმის შოთა რუსთაველის სახელმწიფო უნივერსიტეტის ბიბლიოთეკა

Enterprise Risk Management Models: (ბიბ.ჩანაწერი № 62283)

000 -LEADER
fixed length control field 00659nam a22002057a 4500
005 - DATE AND TIME OF LATEST TRANSACTION
control field 20240913170841.0
008 - FIXED-LENGTH DATA ELEMENTS--GENERAL INFORMATION
fixed length control field 240913s2023 enk||||| |||| 00| 0 eng d
020 ## - INTERNATIONAL STANDARD BOOK NUMBER
International Standard Book Number 9783662680377x
041 ## - LANGUAGE CODE
Language code of text/sound track or separate title eng
080 ## - UNIVERSAL DECIMAL CLASSIFICATION NUMBER
Universal Decimal Classification number 005.334 O-50
100 ## - MAIN ENTRY--PERSONAL NAME
Personal name Olson, David L.
9 (RLIN) 23223
245 ## - TITLE STATEMENT
Title Enterprise Risk Management Models:
Remainder of title Focus on Sustainability /
Statement of responsibility, etc. David L. Olson, Desheng Wu.
250 ## - EDITION STATEMENT
Edition statement 4th Edition
264 ## - PRODUCTION, PUBLICATION, DISTRIBUTION, MANUFACTURE, AND COPYRIGHT NOTICE
Place of production, publication, distribution, manufacture Lincoln:
Name of producer, publisher, distributor, manufacturer Springer,
Date of production, publication, distribution, manufacture, or copyright notice 2023.
300 ## - PHYSICAL DESCRIPTION
Extent 248 p.;
Other physical details 24 cm.
653 ## - INDEX TERM--UNCONTROLLED
keyword საწარმოთა რისკი
653 ## - INDEX TERM--UNCONTROLLED
keyword მენეჯმენტი
700 ## - ADDED ENTRY--PERSONAL NAME
Personal name Wu, Desheng
Relator term ავტორი
9 (RLIN) 23224
942 ## - ADDED ENTRY ELEMENTS (KOHA)
Source of classification or shelving scheme
Koha item type წიგნი
ეგზემპლარები
Withdrawn status Lost status Source of classification or shelving scheme Damaged status Not for loan Permanent Location Current Location Shelving location Date acquired Cost, normal purchase price Full call number Barcode Date last seen Copy number Price effective from Koha item type Public note
          ბათუმის შოთა რუსთაველის სახელმწიფო უნივერსიტეტის მთავარი ბიბლიოთეკა ბათუმის შოთა რუსთაველის სახელმწიფო უნივერსიტეტის მთავარი ბიბლიოთეკა წიგნსაცავი 2024-09-13 303.00 005.334 O-50 68861 2024-09-13 68861 2024-09-13 წიგნი 303 ლ.